कबीर किसकी जायदाद हैं? / (Record no. 112226)

MARC details
000 -LEADER
fixed length control field 01031nam a22002537a 4500
005 - DATE AND TIME OF LATEST TRANSACTION
control field 20170124102935.0
010 ## - LIBRARY OF CONGRESS CONTROL NUMBER
LC control number B-038432
020 ## - INTERNATIONAL STANDARD BOOK NUMBER
Terms of availability 125.00
International Standard Book Number 818582682
035 ## - SYSTEM CONTROL NUMBER
System control number B-038432
037 ## - SOURCE OF ACQUISITION
Source of stock number/acquisition Cen Lib/Ret
040 ## - CATALOGING SOURCE
Original cataloging agency DPL
Language of cataloging HN
082 ## - DEWEY DECIMAL CLASSIFICATION NUMBER
Classification number 827
Item number जोशीदे
100 ## - MAIN ENTRY--PERSONAL NAME
Personal name जोशी, देवव्रत
9 (RLIN) 46421
245 ## - TITLE STATEMENT
Title कबीर किसकी जायदाद हैं? /
Statement of responsibility, etc देवव्रत जोशी
246 ## - VARYING FORM OF TITLE
Title proper/short title Kabir kiski jaydad hain /
Remainder of title by Devvrat Joshi
260 ## - PUBLICATION, DISTRIBUTION, ETC. (IMPRINT)
Name of publisher, distributor, etc ग्रंथ अकादमी
Place of publication, distribution, etc नई दिल्ली
Date of publication, distribution, etc 2001
270 ## - ADDRESS
City नई दिल्ली
Address 1686, पुराना दरिया गंज
Postal code 110002
300 ## - PHYSICAL DESCRIPTION
Extent 125पृ.
Dimensions 20सेमी (सजिल्द)
650 ## - SUBJECT ADDED ENTRY--TOPICAL TERM
Topical term or geographic name as entry element हिन्दी -- साहित्य
9 (RLIN) 46422
650 ## - SUBJECT ADDED ENTRY--TOPICAL TERM
Topical term or geographic name as entry element हिन्दी -- कविता
9 (RLIN) 779
650 ## - SUBJECT ADDED ENTRY--TOPICAL TERM
Topical term or geographic name as entry element Hindi - literature
9 (RLIN) 46423
650 ## - SUBJECT ADDED ENTRY--TOPICAL TERM
Topical term or geographic name as entry element Hindi - poetry
9 (RLIN) 46424
942 ## - ADDED ENTRY ELEMENTS (KOHA)
Source of classification or shelving scheme Dewey Decimal Classification
Koha item type Hindi Books
Classification part 827
Call number suffix जोशीदे
Holdings
Withdrawn status Lost status Damaged status Not for loan Home library Current library Date acquired Source of acquisition Cost, normal purchase price Total Checkouts Full call number Barcode Date last seen Copy number Cost, replacement price Price effective from Koha item type
        Central Library Central Library 07/08/2015 Cen Lib/Ret 125.00   827 जोशीदे B-038432 07/08/2015 1 125.00 07/08/2015 Hindi Books

© Delhi Public Library
Hit Counter
free hit counter